000 00671nam a2200229Ia 4500
005 20250508151110.0
008 008 250505s9999 xx 000 0 eng d
037 _aTextual
040 _aFEDL
_beng
_cFEDL
041 _aeng
_2eng
084 _a025.3, JOH
_qFEDL
100 _aJohnson Margaret Fullerton
_9758414
245 0 _aManual of cataloging and classification for small school and public libraries
250 _a4
260 _aNew York, USA
_bH. W. Wilson Company
_c1950
300 _a71p
365 _aINR
_b5
650 _aLibrary science
700 _a Cook Dorthy E
_9758415
942 _cTEXL
_h025.3, JOH
999 _c1327570
_d1327570